000 00663nam a22002770a 4500
001 PT59254
003 AR-LpoUNG
005 20210131231917.0
008 191001s2016||||ag |||||||||||||||||spa d
020 _a9789500438292
_c$8
040 _aAR-LpoUNG
_bspa
_cAR-LpoUNG
_eaacr
041 _aspa
044 _aag
082 0 _aA863 216mue
100 1 _aGarcía Lao, Fernanda
245 1 0 _aMuerta de hambre
250 _a1ra. ed.
260 _aBuenos Aires :
_bEmecé,
_c2016.
300 _a224 p. :
_bfot.
650 4 _aARGENTINA
650 4 _aLITERATURA
650 4 _aNOVELAS
653 _aLITERATURA ARGENTINA
905 _a59254
942 _cLSALA
999 _c12564
_d12564